[Event "NOR-ch qual-A"]
[Site "Oslo"]
[Date "2007.04.05"]
[Round "7"]
[White "Larsen, Atle"]
[Black "Undheim, Bjarne"]
[Result "0-1"]
[WhiteElo "1301"]
[BlackElo "1528"]
[PlyCount "44"]
[EventDate "2007.04.01"]
[EventType "swiss"]
[EventRounds "7"]
[EventCountry "NOR"]
[SourceTitle "EXT 2008"]
[Source "ChessBase"]
[SourceDate "2007.11.25"]
[SourceVersion "1"]
[SourceVersionDate "2007.11.25"]
[SourceQuality "1"]

1. d4 d5 2. c4 c6 3. Nf3 Nf6 4. Nc3 e6 5. g3 Bd6 6. Bg2 Nbd7 7. 0-0 0-0 8. Re1 dxc4 9. e4 Bb4 10. Qe2 b5 11. h3 Bb7 12. Bf4 Qb6 13. Rad1 c5 14. dxc5 Bxc5 15. e5 Nd5 16. Bg5 Nxc3 17. bxc3 Qc7 18. Qd2 Nb6 19. Nd4 Bxg2 20. Kxg2 Nd5 21. Nxb5 Qc6 22. Nd4 Nf4+ 0-1

[Event "NOR-ch qual-A"]
[Site "Oslo"]
[Date "2007.04.03"]
[Round "5"]
[White "Larsen, Atle"]
[Black "Aarnes, Carl Christian"]
[Result "1-0"]
[WhiteElo "1301"]
[BlackElo "1658"]
[PlyCount "107"]
[EventDate "2007.04.01"]
[EventType "swiss"]
[EventRounds "7"]
[EventCountry "NOR"]
[SourceTitle "EXT 2008"]
[Source "ChessBase"]
[SourceDate "2007.11.25"]
[SourceVersion "1"]
[SourceVersionDate "2007.11.25"]
[SourceQuality "1"]

1. d4 f5 2. c4 Nf6 3. Nf3 g6 4. Nc3 Bg7 5. g3 0-0 6. Bg2 d6 7. Qc2 c6 8. 0-0 Qe8 9. e4 e6 10. Bf4 d5 11. exf5 gxf5 12. Bd6 Na6 13. Bxf8 Qxf8 14. cxd5 cxd5 15. Rfe1 Nb4 16. Qe2 Nc6 17. Rad1 Ne4 18. Qd3 Nb4 19. Qb1 Nc6 20. a3 Nxc3 21. bxc3 Qxa3 22. Ng5 Qd6 23. Qa2 b5 24. Nxe6 Ne7 25. Nxg7 Kxg7 26. Qe2 Ng6 27. Qxb5 Rb8 28. Qxd5 Qc7 29. Qc6 Rb7 30. Qxc7+ Rxc7 31. Rc1 Kf6 32. c4 Ba6 33. Bf1 f4 34. h4 Rg7 35. Kh2 Bc8 36. Bh3 Bb7 37. Re6+ Kf7 38. c5 Bd5 39. Rd6 Ne7 40. Re1 Ba8 41. Rd7 Ke8 42. Rxa7 Bc6 43. Be6 Kf8 44. Rb1 Be8 45. Rb8 fxg3+ 46. fxg3 Nc6 47. Rxg7 Nxb8 48. Rxh7 Nc6 49. d5 Nd8 50. g4 Bg6 51. Rh8+ Ke7 52. c6 Nxe6 53. dxe6 Kd6 54. e7 1-0

[Event "NOR-ch qual-A"]
[Site "Oslo"]
[Date "2007.04.03"]
[Round "4"]
[White "Larsen, Atle"]
[Black "Haugstad, Espen"]
[Result "0-1"]
[WhiteElo "1301"]
[BlackElo "1854"]
[PlyCount "78"]
[EventDate "2007.04.01"]
[EventType "swiss"]
[EventRounds "7"]
[EventCountry "NOR"]
[SourceTitle "EXT 2008"]
[Source "ChessBase"]
[SourceDate "2007.11.25"]
[SourceVersion "1"]
[SourceVersionDate "2007.11.25"]
[SourceQuality "1"]

1. d4 Nf6 2. c4 c5 3. Nf3 b5 4. Qc2 bxc4 5. e4 cxd4 6. Nxd4 Ba6 7. Be3 g6 8. Nd2 Ng4 9. Qc3 Bg7 10. h3 Nxe3 11. fxe3 0-0 12. Bxc4 Qb6 13. 0-0 Nc6 14. N2f3 Rac8 15. Bxa6 Qxa6 16. Qd2 d6 17. b3 Qb7 18. Rac1 Ne5 19. Nxe5 dxe5 20. Nf3 Qxe4 21. Ng5 Qb7 22. Rfd1 Bh6 23. Nf3 Rxc1 24. Rxc1 Qb6 25. Rc3 Rd8 26. Qe2 e4 27. Ne1 Rd5 28. Nc2 Rc5 29. Rxc5 Qxc5 30. Qc4 Bxe3+ 31. Nxe3 Qxe3+ 32. Kh2 Qd3 33. Qc5 Qd6+ 34. Qxd6 exd6 35. Kg3 d5 36. a4 Kf8 37. Kf4 Ke7 38. b4 Kd6 39. h4 f5 0-1

[Event "NOR-ch qual-A"]
[Site "Oslo"]
[Date "2007.04.02"]
[Round "3"]
[White "Suntharalingam, Jathavan"]
[Black "Larsen, Atle"]
[Result "0-1"]
[WhiteElo "1498"]
[BlackElo "1301"]
[PlyCount "82"]
[EventDate "2007.04.01"]
[EventType "swiss"]
[EventRounds "7"]
[EventCountry "NOR"]
[SourceTitle "EXT 2008"]
[Source "ChessBase"]
[SourceDate "2007.11.25"]
[SourceVersion "1"]
[SourceVersionDate "2007.11.25"]
[SourceQuality "1"]

1. e4 c6 2. d4 d5 3. exd5 cxd5 4. c4 e6 5. Nf3 Nf6 6. Nc3 Be7 7. Bf4 Bd7 8. c5 Nh5 9. Bg3 Nxg3 10. hxg3 0-0 11. Qc2 g6 12. Qd2 g5 13. Rh5 f6 14. Bd3 Rf7 15. 0-0-0 Rg7 16. g4 Be8 17. Rh6 Bg6 18. Qc2 Kf7 19. Ne2 Nc6 20. a3 Rc8 21. Ng3 Nxd4 22. Bxg6+ hxg6 23. Qd3 Rxc5+ 24. Kb1 Nxf3 25. gxf3 Qb6 26. Rdh1 Rb5 27. Qc3 Qxf2 28. Rh8 Qc5 29. Qd3 Qc4 30. Qxc4 dxc4 31. Ka2 Rd5 32. Rb8 Rd7 33. Ne4 f5 34. gxf5 gxf5 35. Nc3 Kg6 36. Rd1 Bf6 37. Rxd7 Rxd7 38. Rc8 Bxc3 39. bxc3 Rd3 40. Rxc4 Rxf3 41. Rb4 Rxc3 0-1

[Event "NOR-chB"]
[Site "Moss"]
[Date "2006.07.12"]
[Round "6"]
[White "Lensebakken, Odd J"]
[Black "Larsen, Atle"]
[Result "0-1"]
[WhiteElo "1177"]
[BlackElo "1175"]
[PlyCount "56"]
[EventDate "2006.07.08"]
[EventType "swiss"]
[EventRounds "9"]
[EventCountry "NOR"]
[SourceTitle "EXT 2007"]
[Source "ChessBase"]
[SourceDate "2006.11.23"]
[SourceVersion "1"]
[SourceVersionDate "2006.11.23"]
[SourceQuality "1"]

1. d4 Nf6 2. Nf3 e6 3. Bg5 d5 4. e3 c5 5. c3 Nc6 6. Bd3 Be7 7. Qc2 h6 8. Bxf6 Bxf6 9. dxc5 a5 10. Nd4 0-0 11. Nd2 Qe7 12. 0-0 Qxc5 13. Nxc6 bxc6 14. Rab1 e5 15. c4 Ba6 16. Rfd1 Rfc8 17. cxd5 Qxc2 18. Bxc2 cxd5 19. Bf5 Rc7 20. a4 Rb8 21. b3 e4 22. Rbc1 Rc3 23. Nxe4 dxe4 24. Bxe4 Rxc1 25. Rxc1 Rxb3 26. Rb1 Rxb1+ 27. Bxb1 Kf8 28. Be4 Ke7 0-1